| 000 | 01028nac a22002531u 4500 | ||
|---|---|---|---|
| 010 | _a 2003267073 | ||
| 020 | _a0072226447 | ||
| 082 | 0 | 0 |
_a005.72 _bWIL |
| 090 |
_c5192 _d5192 |
||
| 100 | _aWillard, Wendy. | ||
| 245 | 1 | 0 |
_aHTML : _ba beginner's guide / _cWendy Willard. |
| 250 | _a2nd ed. | ||
| 260 |
_aBerkeley, Calif. : _bOsborne/McGraw-Hill,2003 _cc2003. |
||
| 300 |
_axx, 522 p. : _bill. ; _c24 cm. |
||
| 500 | _aIncludes index. | ||
| 500 | _adistributer: Al-Ahram | ||
| 511 | _acatalogued by: wessam | ||
| 650 | 0 | _aHTML (Document markup language) | |
| 856 | 4 | 2 |
_3Contributor biographical information _uhttp://www.loc.gov/catdir/bios/mh042/2003267073.html |
| 856 | 4 | 2 |
_3Publisher description _uhttp://www.loc.gov/catdir/description/mh031/2003267073.html |
| 856 | 4 | 2 |
_3Table of contents _uhttp://www.loc.gov/catdir/toc/mh031/2003267073.html |
| 942 |
_cBB _k005.72WIL |
||
| 999 |
_c5192 _d5192 |
||